Park homes (Record no. 114359)
[ view plain ]
| 000 -LEADER | |
|---|---|
| fixed length control field | 01268cad a22001935a 4500 |
| 001 - CONTROL NUMBER | |
| control field | L156680 |
| 008 - FIXED-LENGTH DATA ELEMENTS--GENERAL INFORMATION | |
| fixed length control field | 120622s2012 xxk f 000 0 eng d |
| 035 ## - SYSTEM CONTROL NUMBER | |
| System control number | (Sirsi) u156680 |
| 041 0# - LANGUAGE CODE | |
| Language code of text/sound track or separate title | eng |
| 110 2# - MAIN ENTRY--CORPORATE NAME | |
| Corporate name or jurisdiction name as entry element | House of Commons Select Committee on Communities and Local Government |
| 9 (RLIN) | 6090 |
| 245 00 - TITLE STATEMENT | |
| Title | Park homes |
| Remainder of title | First report of Session 2010-12 of the Communities and Local Government Committee |
| Medium | [electronic resource] |
| 260 ## - PUBLICATION, DISTRIBUTION, ETC. | |
| Place of publication, distribution, etc. | London |
| Name of publisher, distributor, etc. | House of Commons |
| Date of publication, distribution, etc. | 2012 |
| 520 ## - SUMMARY, ETC. | |
| Summary, etc. | Investigates problems facing the park home industry following complaints from park home residents about unfair fees, maintance issues and selling on homes described as sales blocking. Recommendations include the introduction of legislation to remove a site owner's existing right to approve buyers. authorising the Residential Property Tribunal to award damages and compensation to park home owners affected by sale blocking. Sellers should also set out obligations of park home owners in writing to potential buyers. |
| 590 ## - LOCAL NOTE (RLIN) | |
| Local note | KA NTK |
| 651 #4 - SUBJECT ADDED ENTRY--GEOGRAPHIC NAME | |
| Geographic name | United Kingdom |
| Chronological subdivision | |
| 690 ## - LOCAL SUBJECT ADDED ENTRY--TOPICAL TERM (OCLC, RLIN) | |
| Topical term or geographic name as entry element | Residential property |
| 9 (RLIN) | 6266 |
| 856 40 - ELECTRONIC LOCATION AND ACCESS | |
| Uniform Resource Identifier | <a href="https://www.publications.parliament.uk/pa/cm201213/cmselect/cmcomloc/177/17702.htm">https://www.publications.parliament.uk/pa/cm201213/cmselect/cmcomloc/177/17702.htm</a> |
| Public note | View report free of charge at www.publications.parliament.uk |
| 942 ## - ADDED ENTRY ELEMENTS (KOHA) | |
| Suppress in OPAC | 0 |
| Withdrawn status | Lost status | Source of classification or shelving scheme | Damaged status | Not for loan | Home library | Current library | Shelving location | Date acquired | Total Checkouts | Full call number | Barcode | Date last seen | Copy number | Price effective from | Koha item type |
|---|---|---|---|---|---|---|---|---|---|---|---|---|---|---|---|
| Dewey Decimal Classification | Virtual | Virtual | Online | 22/06/2012 | ONLINE PUBLICATION | 156680-2001 | 06/08/2019 | 1 | 06/08/2019 | Book |